Footballeurs croates (par images). - Statistiques

Statistiques générales
  • Ce quiz a été pris 172 fois
  • Le résultat moyen est 8 sur 12
Statistiques - réponses
Par images Réponse % Correct
Luka Modrić
100%
Ivan Rakitić
96%
Mario Mandžukić
95%
Ivan Perišić
94%
Robert Kovač
84%
Mateo Kovačić
83%
Marcelo Brozović
78%
Davor Šuker
75%
Darijo Srna
34%
Ivica Olić
23%
Zvonimir Boban
16%
Robert Prosinečki
8%
Aucun quiz correspondant
Distribution des résultats
% des personnes avec chaque résultat
Percentile par nombre de réponses
Votre historique - résultats
Vous n’avez pas pris ce quiz